Better business relationships

Salvato in:
Dettagli Bibliografici
Autore principale: TASSO, Kim
Natura: Libro
Lingua:inglese
Pubblicazione: Bloomsbury Publishers 2019
Tags: Aggiungi Tag
Nessun Tag, puoi essere il primo ad aggiungerne!!

MARC

LEADER 00000nam a22000007a 4500
008 240529b |||||||| |||| 00| 0 eng d
020 |a 9781472957016 
100 |a TASSO, Kim 
245 |a Better business relationships  |c / Kim Tasso  |g xiv, 348p;ill 
260 |b Bloomsbury Publishers  |c 2019  |h New York   |i 701777  |i 701778  |l HD69.S8T18  |m Business networks.  |m  Psychology, Industrial.   |m Success in business. 
500 |a it includes index 
942 |a lcc  |c BK  |e Johnson  |f 29/05/24 
952 |0 0  |1 0  |2 lcc  |4 0  |7 0  |9 5206  |a MPL  |b HOL  |c GJ  |d 2024-05-29  |l 0  |o 701777  |p 2024-0452  |r 2024-05-29 00:00:00  |t HD69.S8T18  |w 2024-05-29  |y BK 
952 |0 0  |1 0  |2 lcc  |4 0  |6 HD0069 S8 T18  |7 0  |9 5207  |a HOL  |b HOL  |c GJ  |d 2024-05-29  |l 0  |o HD69.S8T18  |p 2024-0453  |r 2024-05-29 00:00:00  |t 701778  |w 2024-05-29  |y BK 
999 |c 2586  |d 2586